| 000 | 00592nam a2200217 a 4500 | ||
|---|---|---|---|
| 005 | 20140310183330.0 | ||
| 008 | 060822s19uu xx 00 eng d | ||
| 020 | _a0767430344 | ||
| 050 |
_aQ 360 _b.W47 2004 |
||
| 100 | _aWest, Richard | ||
| 245 |
_aIntroducing communication theory : _banalysis and application / |
||
| 250 | _a2nd ed. | ||
| 260 |
_aBoston : _bMcGraw-Hill, _c2004. |
||
| 300 |
_aI-18, 525 p. : _bill. ; _c25 cm. |
||
| 521 | _aMC | ||
| 650 | _aInformation theory. | ||
| 650 | _aCommunication. | ||
| 700 | _aTurner, Lynn H. | ||
| 942 |
_cBK _2lcc _kFOR |
||
| 999 |
_c21531 _d21531 |
||